| 000 | 00330 a2200133 4500 | ||
|---|---|---|---|
| 090 |
_c38750 _d38750 |
||
| 100 | _aPAF | ||
| 245 |
_aService wirting & Staff studies (AFM 10-1) _bAFM10-1 |
||
| 260 |
_aMasroor _cPAF Press Masroor |
||
| 500 | _aCFT precise | ||
| 610 | _aDte of Studies PAF | ||
| 650 | _aAFM 10-1 | ||
| 942 | _aCAE NUST | ||
| 999 |
_c463321 _d463321 |
||